00646nam a22001937a 4500003000500000005001700005008004100022010001000063011001000073035001000083040000900093082001800102110008100120245009900201260004800300300003100348650004100379650003200420CHAP20220329134600.0971013s r 00010 d a22503 a23475 a27571 cCHAP a634.92725bC6 aComisión Coordinadora para el Desarrollo Agropecuario del Distrito Federal aManual de planeaciónb: diseño y manejo de las áreas verdes urbanas del Distrito Federal a(México, D. F. :bLa Comisión),c(198?) a681 p.b: ilus. ; gráfs.14aPolítica forestalxMéxico (D.F.)14aUrbanismozMéxico (D.F.).